[Event "DVM U16w 2023"]
[Site "Magdeburg GER"]
[Date "2023.12.29"]
[Round "6"]
[White "Stepanjan, Marianne"]
[Black "Fettan, Nua"]
[Result "1-0"]
[Termination "normal"]
[Board "6.1"]
[WhiteElo "1678"]
[BlackElo "1267"]
[WhiteClock "00:20:31"]
[BlackClock "01:23:36"]
[WhiteTeam "TuRa Harksheide 1945 Norderstedt"]
[BlackTeam "Hamburger SK 1830 2"]
[PlyCount "91"]
[WhiteFideId "16246110"]
[BlackFideId "34637362"]
[EventCountry "GER"]
[EventRounds "7"]
[EventType "team-swiss"]
[EventDate "2023.12.26"]

1. e4 {[%clk 01:30:59]} e5 {[%clk 01:30:59]} {[%emt 00:00:02]} 2. Nf3 {[%clk
01:31:23]} {[%emt 00:00:06]} Nc6 {[%clk 01:31:24]} {[%emt 00:00:05]} 3. Bb5
{[%clk 01:31:48]} {[%emt 00:00:04]} a6 {[%clk 01:31:45]} {[%emt 00:00:09]} 4.
Ba4 {[%clk 01:32:14]} {[%emt 00:00:04]} Nf6 {[%clk 01:32:07]} {[%emt 00:00:09]}
5. O-O {[%clk 01:32:35]} {[%emt 00:00:09]} Be7 {[%clk 01:32:11]} {[%emt
00:00:25]} 6. Re1 {[%clk 01:32:59]} {[%emt 00:00:07]} b5 {[%clk 01:32:27]}
{[%emt 00:00:14]} 7. Bb3 {[%clk 01:33:23]} {[%emt 00:00:06]} O-O {[%clk
01:32:32]} {[%emt 00:00:26]} 8. h3 {[%clk 01:33:49]} {[%emt 00:00:04]} d5
{[%clk 01:29:35]} {[%emt 00:03:26]} 9. exd5 {[%clk 01:33:20]} {[%emt 00:00:59]}
Nxd5 {[%clk 01:29:46]} {[%emt 00:00:19]} 10. Nxe5 {[%clk 01:33:06]} {[%emt
00:00:45]} Nxe5 {[%clk 01:30:06]} {[%emt 00:00:10]} 11. Rxe5 {[%clk 01:32:51]}
{[%emt 00:00:45]} c6 {[%clk 01:30:20]} {[%emt 00:00:15]} 12. Bxd5 {[%clk
01:26:48]} {[%emt 00:06:33]} cxd5 {[%clk 01:30:03]} {[%emt 00:00:47]} 13. d4
{[%clk 01:25:55]} {[%emt 00:01:23]} Be6 {[%clk 01:29:07]} {[%emt 00:01:27]} 14.
a3 {[%clk 01:21:45]} {[%emt 00:04:39]} Bd6 {[%clk 01:28:40]} {[%emt 00:00:57]}
15. Re1 {[%clk 01:19:26]} {[%emt 00:02:47]} Qd7 {[%clk 01:25:44]} {[%emt
00:03:27]} 16. Qf3 {[%clk 01:18:24]} {[%emt 00:01:32]} Rfe8 {[%clk 01:23:06]}
{[%emt 00:03:09]} 17. Bd2 {[%clk 01:11:32]} {[%emt 00:07:21]} Qc7 {[%clk
01:21:01]} {[%emt 00:02:31]} 18. Nc3 {[%clk 01:11:13]} {[%emt 00:00:53]} Qc6
{[%clk 01:19:43]} {[%emt 00:01:48]} 19. Bf4 {[%clk 01:10:25]} {[%emt 00:01:17]}
b4 {[%clk 01:19:35]} {[%emt 00:00:39]} 20. axb4 {[%clk 01:08:33]} {[%emt
00:02:21]} Bxb4 {[%clk 01:19:48]} {[%emt 00:00:17]} 21. Bd2 {[%clk 01:05:40]}
{[%emt 00:03:23]} a5 {[%clk 01:19:12]} {[%emt 00:01:07]} 22. Re5 {[%clk
00:58:40]} {[%emt 00:07:27]} Ra6 {[%clk 01:16:58]} {[%emt 00:02:46]} 23. Qd3
{[%clk 00:48:59]} {[%emt 00:10:09]} Ra7 {[%clk 01:11:02]} {[%emt 00:06:29]} 24.
Rae1 {[%clk 00:35:23]} {[%emt 00:14:05]} a4 {[%clk 01:07:11]} {[%emt 00:04:22]}
25. Nb5 {[%clk 00:29:26]} {[%emt 00:06:27]} Rb7 {[%clk 01:05:37]} {[%emt
00:01:58]} 26. Bxb4 {[%clk 00:23:52]} {[%emt 00:06:08]} Qxb5 {[%clk 01:05:32]}
{[%emt 00:00:35]} 27. Qxb5 {[%clk 00:23:08]} {[%emt 00:01:15]} Rxb5 {[%clk
01:05:51]} {[%emt 00:00:11]} 28. Bc3 {[%clk 00:23:04]} {[%emt 00:00:33]} Rbb8
{[%clk 01:04:47]} {[%emt 00:01:34]} 29. f4 {[%clk 00:21:10]} {[%emt 00:02:25]}
g6 {[%clk 01:02:03]} {[%emt 00:03:14]} 30. g4 {[%clk 00:20:22]} {[%emt
00:01:17]} Rbd8 {[%clk 01:00:00]} {[%emt 00:02:34]} 31. f5 {[%clk 00:18:35]}
{[%emt 00:02:17]} gxf5 {[%clk 00:57:58]} {[%emt 00:02:32]} 32. gxf5 {[%clk
00:18:47]} {[%emt 00:00:17]} Bd7 {[%clk 00:58:23]} {[%emt 00:00:05]} 33. Rxd5
{[%clk 00:18:21]} {[%emt 00:00:57]} Bc8 {[%clk 00:57:45]} {[%emt 00:01:07]} 34.
Kf2 {[%clk 00:13:45]} {[%emt 00:05:07]} Kg7 {[%clk 00:56:25]} {[%emt 00:01:51]}
35. Rxd8 {[%clk 00:03:35]} {[%emt 00:10:39]} Rxd8 {[%clk 00:56:47]} {[%emt
00:00:09]} 36. Re5 {[%clk 00:02:26]} {[%emt 00:01:38]} Kf6 {[%clk 00:55:32]}
{[%emt 00:01:45]} 37. d5 {[%clk 00:02:42]} {[%emt 00:00:14]} Kg5 {[%clk
00:55:43]} {[%emt 00:00:20]} 38. f6+ {[%clk 00:01:21]} {[%emt 00:01:51]} Kg6
{[%clk 00:55:13]} {[%emt 00:01:01]} 39. h4 {[%clk 00:01:35]} {[%emt 00:00:14]}
h6 {[%clk 00:55:05]} {[%emt 00:00:39]} 40. h5+ {[%clk 00:01:34]} {[%emt
00:00:31]} Kh7 {[%clk 00:55:25]} {[%emt 00:00:10]} 41. Kf3 {[%clk 00:30:01]}
{[%emt 00:02:03]} Rd6 {[%clk 01:24:54]} {[%emt 00:01:01]} 42. Re7 {[%clk
00:19:47]} {[%emt 00:10:45]} Rxd5 {[%clk 01:23:35]} {[%emt 00:01:48]} 43. Rxf7+
{[%clk 00:19:57]} {[%emt 00:00:19]} Kg8 {[%clk 01:23:52]} {[%emt 00:00:12]} 44.
Rg7+ {[%clk 00:19:46]} {[%emt 00:00:42]} Kf8 {[%clk 01:23:44]} {[%emt
00:00:37]} 45. Bb4+ {[%clk 00:20:07]} {[%emt 00:00:09]} Ke8 {[%clk 01:23:36]}
{[%emt 00:00:39]} 46. f7+ {[%clk 00:20:31]} {[%emt 00:00:05]} 1-0

[Event "DVM U16w 2023"]
[Site "Magdeburg GER"]
[Date "2023.12.29"]
[Round "6"]
[White "Abram, Kristina-Maria"]
[Black "Petrosyan, Ani"]
[Result "0-1"]
[Termination "normal"]
[Board "6.2"]
[WhiteElo "1192"]
[BlackElo "1493"]
[WhiteClock "01:18:45"]
[BlackClock "01:18:11"]
[WhiteTeam "Hamburger SK 1830 2"]
[BlackTeam "TuRa Harksheide 1945 Norderstedt"]
[PlyCount "58"]
[WhiteFideId "16298349"]
[BlackFideId "16248015"]
[EventCountry "GER"]
[EventRounds "7"]
[EventType "team-swiss"]
[EventDate "2023.12.26"]

1. e4 {[%clk 01:30:56]} {[%emt 00:00:04]} c6 {[%clk 01:30:56]} {[%emt
00:00:04]} 2. d4 {[%clk 01:31:14]} {[%emt 00:00:12]} d5 {[%clk 01:31:22]}
{[%emt 00:00:04]} 3. exd5 {[%clk 01:31:27]} {[%emt 00:00:17]} cxd5 {[%clk
01:31:48]} {[%emt 00:00:05]} 4. c4 {[%clk 01:31:40]} {[%emt 00:00:16]} Nf6
{[%clk 01:32:02]} {[%emt 00:00:16]} 5. Nc3 {[%clk 01:31:28]} {[%emt 00:00:41]}
g6 {[%clk 01:31:58]} {[%emt 00:00:34]} 6. Qb3 {[%clk 01:31:21]} {[%emt
00:00:37]} Bg7 {[%clk 01:31:00]} {[%emt 00:01:29]} 7. Nf3 {[%clk 01:31:20]}
{[%emt 00:00:31]} O-O {[%clk 01:31:09]} {[%emt 00:00:20]} 8. Be2 {[%clk
01:31:17]} {[%emt 00:00:33]} dxc4 {[%clk 01:28:25]} {[%emt 00:03:15]} 9. Bxc4
{[%clk 01:31:27]} {[%emt 00:00:19]} Nc6 {[%clk 01:28:41]} {[%emt 00:00:15]} 10.
Be3 {[%clk 01:30:51]} {[%emt 00:01:05]} Na5 {[%clk 01:26:20]} {[%emt 00:02:53]}
11. Qb4 {[%clk 01:28:23]} {[%emt 00:02:55]} Nxc4 {[%clk 01:24:27]} {[%emt
00:02:25]} 12. Qxc4 {[%clk 01:28:44]} {[%emt 00:00:09]} Be6 {[%clk 01:23:13]}
{[%emt 00:01:44]} 13. Qe2 {[%clk 01:26:47]} {[%emt 00:02:19]} Rc8 {[%clk
01:23:07]} {[%emt 00:00:44]} 14. O-O {[%clk 01:26:34]} {[%emt 00:00:44]} Bc4
{[%clk 01:22:30]} {[%emt 00:01:07]} 15. Qd2 {[%clk 01:26:17]} {[%emt 00:00:47]}
Bxf1 {[%clk 01:21:20]} {[%emt 00:01:40]} 16. Rxf1 {[%clk 01:26:35]} {[%emt
00:00:12]} Qa5 {[%clk 01:20:26]} {[%emt 00:01:24]} 17. Rc1 {[%clk 01:25:11]}
{[%emt 00:01:53]} Rfd8 {[%clk 01:19:42]} {[%emt 00:01:14]} 18. a3 {[%clk
01:21:39]} {[%emt 00:04:03]} Nd5 {[%clk 01:15:26]} {[%emt 00:04:46]} 19. b4
{[%clk 01:17:15]} {[%emt 00:04:54]} Qxa3 {[%clk 01:15:39]} {[%emt 00:00:16]}
20. Nxd5 {[%clk 01:16:48]} {[%emt 00:00:58]} Rxc1+ {[%clk 01:16:02]} {[%emt
00:00:07]} 21. Qxc1 {[%clk 01:17:08]} {[%emt 00:00:10]} Qxc1+ {[%clk 01:16:10]}
{[%emt 00:00:21]} 22. Bxc1 {[%clk 01:17:25]} {[%emt 00:00:13]} Rxd5 {[%clk
01:16:36]} {[%emt 00:00:04]} 23. Be3 {[%clk 01:17:40]} {[%emt 00:00:15]} Rb5
{[%clk 01:16:56]} {[%emt 00:00:10]} 24. Bd2 {[%clk 01:17:56]} {[%emt 00:00:15]}
a5 {[%clk 01:17:18]} {[%emt 00:00:07]} 25. bxa5 {[%clk 01:18:13]} {[%emt
00:00:15]} Rb1+ {[%clk 01:17:34]} {[%emt 00:00:12]} 26. Be1 {[%clk 01:18:25]}
{[%emt 00:00:19]} Bxd4 {[%clk 01:17:48]} {[%emt 00:00:13]} 27. Kf1 {[%clk
01:18:19]} {[%emt 00:00:38]} Bc3 {[%clk 01:17:54]} {[%emt 00:00:24]} 28. Ke2
{[%clk 01:18:28]} {[%emt 00:00:22]} Bxe1 {[%clk 01:17:50]} {[%emt 00:00:33]}
29. Nxe1 {[%clk 01:18:45]} {[%emt 00:00:13]} Ra1 {[%clk 01:18:11]} {[%emt
00:00:10]} 0-1

[Event "DVM U16w 2023"]
[Site "Magdeburg GER"]
[Date "2023.12.29"]
[Round "6"]
[White "Chen, Michelle"]
[Black "Einacker, Lina"]
[Result "0-1"]
[Termination "normal"]
[Board "6.3"]
[WhiteElo "1011"]
[BlackElo "1193"]
[WhiteClock "00:07:59"]
[BlackClock "00:06:47"]
[WhiteTeam "TuRa Harksheide 1945 Norderstedt"]
[BlackTeam "Hamburger SK 1830 2"]
[PlyCount "84"]
[WhiteFideId "16275403"]
[BlackFideId "34630147"]
[EventCountry "GER"]
[EventRounds "7"]
[EventType "team-swiss"]
[EventDate "2023.12.26"]

1. e4 {[%clk 01:30:57]} {[%emt 00:00:03]} e5 {[%clk 01:30:54]} {[%emt
00:00:07]} 2. Nf3 {[%clk 01:31:14]} {[%emt 00:00:13]} Nc6 {[%clk 01:31:13]}
{[%emt 00:00:10]} 3. d4 {[%clk 01:31:32]} {[%emt 00:00:13]} exd4 {[%clk
01:31:35]} {[%emt 00:00:07]} 4. Nxd4 {[%clk 01:31:55]} {[%emt 00:00:06]} Bc5
{[%clk 01:31:32]} {[%emt 00:00:34]} 5. Be3 {[%clk 01:32:17]} {[%emt 00:00:09]}
Qf6 {[%clk 01:31:34]} {[%emt 00:00:27]} 6. c3 {[%clk 01:32:36]} {[%emt
00:00:11]} Nge7 {[%clk 01:29:40]} {[%emt 00:02:24]} 7. Bc4 {[%clk 01:31:47]}
{[%emt 00:01:20]} O-O {[%clk 01:28:35]} {[%emt 00:01:33]} 8. O-O {[%clk
01:31:41]} {[%emt 00:00:36]} a6 {[%clk 01:25:38]} {[%emt 00:03:27]} 9. f4
{[%clk 01:26:57]} {[%emt 00:05:15]} Ng6 {[%clk 01:20:28]} {[%emt 00:05:40]} 10.
Qd2 {[%clk 01:24:16]} {[%emt 00:03:11]} d6 {[%clk 01:16:37]} {[%emt 00:04:21]}
11. f5 {[%clk 01:19:50]} {[%emt 00:04:56]} Nge5 {[%clk 01:06:16]} {[%emt
00:10:50]} 12. Bd5 {[%clk 01:12:25]} {[%emt 00:07:55]} h6 {[%clk 00:59:11]}
{[%emt 00:07:35]} 13. Nf3 {[%clk 01:08:31]} {[%emt 00:04:25]} Bxe3+ {[%clk
00:55:43]} {[%emt 00:03:58]} 14. Qxe3 {[%clk 01:08:23]} {[%emt 00:00:38]} Re8
{[%clk 00:53:47]} {[%emt 00:02:24]} 15. Nxe5 {[%clk 01:06:05]} {[%emt
00:02:48]} Nxe5 {[%clk 00:52:58]} {[%emt 00:01:19]} 16. Nd2 {[%clk 01:04:31]}
{[%emt 00:02:04]} c6 {[%clk 00:50:42]} {[%emt 00:02:44]} 17. Bb3 {[%clk
01:03:11]} {[%emt 00:01:51]} b5 {[%clk 00:43:22]} {[%emt 00:07:50]} 18. Nf3
{[%clk 01:00:17]} {[%emt 00:03:24]} Bb7 {[%clk 00:39:52]} {[%emt 00:04:02]} 19.
Nxe5 {[%clk 00:59:38]} {[%emt 00:01:08]} dxe5 {[%clk 00:39:56]} {[%emt
00:00:25]} 20. Rad1 {[%clk 00:58:10]} {[%emt 00:01:57]} Rad8 {[%clk 00:39:57]}
{[%emt 00:00:31]} 21. Rd3 {[%clk 00:52:55]} {[%emt 00:05:45]} Rxd3 {[%clk
00:36:56]} {[%emt 00:03:32]} 22. Qxd3 {[%clk 00:53:15]} {[%emt 00:00:10]} Rd8
{[%clk 00:37:07]} {[%emt 00:00:18]} 23. Qe3 {[%clk 00:51:29]} {[%emt 00:02:16]}
c5 {[%clk 00:33:31]} {[%emt 00:04:06]} 24. Qxc5 {[%clk 00:44:16]} {[%emt
00:07:44]} Bxe4 {[%clk 00:32:50]} {[%emt 00:01:10]} 25. g4 {[%clk 00:40:41]}
{[%emt 00:04:05]} Qd6 {[%clk 00:31:07]} {[%emt 00:02:15]} 26. Qxd6 {[%clk
00:39:15]} {[%emt 00:01:56]} Rxd6 {[%clk 00:31:31]} {[%emt 00:00:06]} 27. Re1
{[%clk 00:38:56]} {[%emt 00:00:48]} Bf3 {[%clk 00:30:54]} {[%emt 00:01:07]} 28.
h3 {[%clk 00:37:20]} {[%emt 00:02:07]} e4 {[%clk 00:29:55]} {[%emt 00:01:29]}
29. Bc2 {[%clk 00:31:11]} {[%emt 00:06:39]} Rd2 {[%clk 00:29:11]} {[%emt
00:01:13]} 30. Bxe4 {[%clk 00:30:18]} {[%emt 00:01:24]} Bxe4 {[%clk 00:29:30]}
{[%emt 00:00:11]} 31. Rxe4 {[%clk 00:30:29]} {[%emt 00:00:19]} Rxb2 {[%clk
00:29:29]} {[%emt 00:00:31]} 32. a4 {[%clk 00:29:31]} {[%emt 00:01:28]} Rb3
{[%clk 00:19:44]} {[%emt 00:10:14]} 33. axb5 {[%clk 00:20:49]} {[%emt
00:09:13]} axb5 {[%clk 00:19:55]} {[%emt 00:00:19]} 34. c4 {[%clk 00:17:55]}
{[%emt 00:03:24]} bxc4 {[%clk 00:20:04]} {[%emt 00:00:21]} 35. Rxc4 {[%clk
00:18:12]} {[%emt 00:00:13]} Rxh3 {[%clk 00:20:20]} {[%emt 00:00:14]} 36. Kg2
{[%clk 00:18:14]} {[%emt 00:00:28]} Rh4 {[%clk 00:19:33]} {[%emt 00:01:17]} 37.
Rc8+ {[%clk 00:17:39]} {[%emt 00:01:04]} Kh7 {[%clk 00:20:01]} {[%emt
00:00:04]} 38. Kg3 {[%clk 00:17:25]} {[%emt 00:00:44]} Rh1 {[%clk 00:20:15]}
{[%emt 00:00:15]} 39. Rc7 {[%clk 00:15:27]} {[%emt 00:02:28]} f6 {[%clk
00:20:01]} {[%emt 00:00:45]} 40. Kf4 {[%clk 00:13:06]} {[%emt 00:02:50]} h5
{[%clk 00:14:43]} {[%emt 00:05:48]} 41. gxh5 {[%clk 00:08:00]} {[%emt
00:05:36]} Rxh5 {[%clk 00:12:09]} {[%emt 00:03:04]} 42. Ke4 {[%clk 00:07:59]}
{[%emt 00:00:32]} Kh6 {[%clk 00:06:47]} {[%emt 00:05:50]} *

[Event "DVM U16w 2023"]
[Site "Magdeburg GER"]
[Date "2023.12.29"]
[Round "6"]
[White "Yan, Jenny"]
[Black "Striebeck, Liv"]
[Result "0-1"]
[Termination "normal"]
[Board "6.4"]
[WhiteElo "1155"]
[BlackElo "1175"]
[WhiteClock "01:15:39"]
[BlackClock "01:14:30"]
[WhiteTeam "Hamburger SK 1830 2"]
[BlackTeam "TuRa Harksheide 1945 Norderstedt"]
[PlyCount "24"]
[WhiteFideId "34630376"]
[BlackFideId "16275438"]
[EventCountry "GER"]
[EventRounds "7"]
[EventType "team-swiss"]
[EventDate "2023.12.26"]

1. e4 {[%clk 01:30:58]} {[%emt 00:00:02]} e5 {[%clk 01:30:53]} {[%emt
00:00:08]} 2. Nf3 {[%clk 01:31:21]} {[%emt 00:00:07]} Nc6 {[%clk 01:31:17]}
{[%emt 00:00:06]} 3. Bc4 {[%clk 01:31:44]} {[%emt 00:00:07]} Nf6 {[%clk
01:31:35]} {[%emt 00:00:12]} 4. d4 {[%clk 01:31:41]} {[%emt 00:00:33]} exd4
{[%clk 01:28:44]} {[%emt 00:03:22]} 5. Nxd4 {[%clk 01:30:44]} {[%emt 00:01:27]}
Bc5 {[%clk 01:27:37]} {[%emt 00:01:37]} 6. Nxc6 {[%clk 01:29:50]} {[%emt
00:01:25]} bxc6 {[%clk 01:22:59]} {[%emt 00:05:07]} 7. O-O {[%clk 01:26:54]}
{[%emt 00:03:24]} O-O {[%clk 01:22:29]} {[%emt 00:01:02]} 8. Nc3 {[%clk
01:25:55]} {[%emt 00:01:28]} d6 {[%clk 01:22:03]} {[%emt 00:00:56]} 9. Re1
{[%clk 01:22:20]} {[%emt 00:04:05]} Ng4 {[%clk 01:20:13]} {[%emt 00:02:20]} 10.
Re2 {[%clk 01:19:32]} {[%emt 00:03:19]} Qh4 {[%clk 01:17:52]} {[%emt 00:02:51]}
11. h3 {[%clk 01:16:34]} {[%emt 00:03:27]} Nxf2 {[%clk 01:14:30]} {[%emt
00:03:53]} 12. Qf1 {[%clk 01:15:39]} {[%emt 00:01:25]} Nxh3+ {[%emt 00:02:12]}
0-1

[Event "DVM U16w 2023"]
[Site "Magdeburg GER"]
[Date "2023.12.29"]
[Round "6"]
[White "Göb, Franziska"]
[Black "Gerlach, Lorena"]
[Result "1/2-1/2"]
[Termination "normal"]
[Board "7.1"]
[WhiteElo "1316"]
[BlackElo "1183"]
[WhiteClock "00:17:30"]
[BlackClock "00:47:12"]
[WhiteTeam "SG Porz 2"]
[BlackTeam "SchachAkademiePaderborn"]
[PlyCount "54"]
[WhiteFideId "16293177"]
[BlackFideId "34605738"]
[EventCountry "GER"]
[EventRounds "7"]
[EventType "team-swiss"]
[EventDate "2023.12.26"]

1. e4 {[%clk 01:30:59]} e6 {[%clk 01:30:50]} {[%emt 00:00:11]} 2. d4 {[%clk
01:31:24]} {[%emt 00:00:05]} d5 {[%clk 01:31:15]} {[%emt 00:00:05]} 3. Nd2
{[%clk 01:31:49]} {[%emt 00:00:04]} c5 {[%clk 01:31:13]} {[%emt 00:00:32]} 4.
c3 {[%clk 01:31:30]} {[%emt 00:00:49]} Nc6 {[%clk 01:31:27]} {[%emt 00:00:17]}
5. exd5 {[%clk 01:28:01]} {[%emt 00:03:59]} Qxd5 {[%clk 01:30:19]} {[%emt
00:01:37]} 6. Ndf3 {[%clk 01:27:05]} {[%emt 00:01:25]} Nf6 {[%clk 01:29:35]}
{[%emt 00:01:15]} 7. h3 {[%clk 01:22:51]} {[%emt 00:04:44]} Be7 {[%clk
01:26:51]} {[%emt 00:03:14]} 8. Be3 {[%clk 01:19:09]} {[%emt 00:04:11]} b6
{[%clk 01:24:16]} {[%emt 00:03:07]} 9. Bd3 {[%clk 01:11:23]} {[%emt 00:08:15]}
O-O {[%clk 01:22:41]} {[%emt 00:02:06]} 10. Ne2 {[%clk 01:05:18]} {[%emt
00:06:34]} Qd8 {[%clk 01:16:41]} {[%emt 00:06:25]} 11. Bg5 {[%clk 00:54:14]}
{[%emt 00:11:39]} cxd4 {[%clk 01:14:05]} {[%emt 00:03:07]} 12. Nexd4 {[%clk
00:50:31]} {[%emt 00:04:13]} Nxd4 {[%clk 01:14:17]} {[%emt 00:00:18]} 13. Nxd4
{[%clk 00:49:38]} {[%emt 00:01:23]} Bb7 {[%clk 01:12:47]} {[%emt 00:01:59]} 14.
O-O {[%clk 00:39:11]} {[%emt 00:10:57]} Bc5 {[%clk 01:05:19]} {[%emt 00:07:57]}
15. Nf3 {[%clk 00:36:06]} {[%emt 00:03:35]} h6 {[%clk 01:04:22]} {[%emt
00:01:28]} 16. Bh4 {[%clk 00:33:44]} {[%emt 00:02:52]} Be7 {[%clk 01:03:02]}
{[%emt 00:01:50]} 17. Bg3 {[%clk 00:32:47]} {[%emt 00:01:28]} Nh5 {[%clk
01:01:02]} {[%emt 00:02:29]} 18. Bh2 {[%clk 00:31:24]} {[%emt 00:01:52]} Nf6
{[%clk 00:59:39]} {[%emt 00:01:55]} 19. Bg3 {[%clk 00:31:01]} {[%emt 00:00:52]}
Kh8 {[%clk 00:59:43]} {[%emt 00:00:26]} 20. Re1 {[%clk 00:30:22]} {[%emt
00:01:09]} Bd6 {[%clk 00:59:30]} {[%emt 00:00:42]} 21. Bxd6 {[%clk 00:30:11]}
{[%emt 00:00:43]} Qxd6 {[%clk 00:58:02]} {[%emt 00:01:57]} 22. Qe2 {[%clk
00:24:43]} {[%emt 00:05:57]} Rad8 {[%clk 00:56:25]} {[%emt 00:02:07]} 23. Rad1
{[%clk 00:23:35]} {[%emt 00:01:39]} Qe7 {[%clk 00:55:01]} {[%emt 00:01:53]} 24.
Bc2 {[%clk 00:23:07]} {[%emt 00:00:58]} Nd5 {[%clk 00:52:03]} {[%emt 00:03:28]}
25. Qd3 {[%clk 00:20:34]} {[%emt 00:03:02]} g6 {[%clk 00:48:27]} {[%emt
00:04:07]} 26. Qd2 {[%clk 00:17:46]} {[%emt 00:03:18]} Qf6 {[%clk 00:46:56]}
{[%emt 00:02:02]} 27. Qxh6+ {[%clk 00:17:30]} {[%emt 00:00:46]} Kg8 {[%clk
00:47:12]} {[%emt 00:00:13]} 1/2-1/2

[Event "DVM U16w 2023"]
[Site "Magdeburg GER"]
[Date "2023.12.29"]
[Round "6"]
[White "Henzel, Leonie"]
[Black "Vogt, Luna"]
[Result "0-1"]
[Termination "normal"]
[Board "7.2"]
[WhiteElo "1247"]
[BlackElo "1347"]
[WhiteClock "00:50:38"]
[BlackClock "00:25:44"]
[WhiteTeam "SchachAkademiePaderborn"]
[BlackTeam "SG Porz 2"]
[PlyCount "62"]
[WhiteFideId "34605720"]
[BlackFideId "34607153"]
[EventCountry "GER"]
[EventRounds "7"]
[EventType "team-swiss"]
[EventDate "2023.12.26"]

1. d4 {[%clk 01:30:57]} {[%emt 00:00:03]} c5 {[%clk 01:30:54]} {[%emt
00:00:06]} 2. Nf3 {[%clk 01:31:13]} {[%emt 00:00:14]} Nf6 {[%clk 01:31:11]}
{[%emt 00:00:13]} 3. g3 {[%clk 01:31:32]} {[%emt 00:00:11]} Nc6 {[%clk
01:31:15]} {[%emt 00:00:26]} 4. Bg2 {[%clk 01:31:21]} {[%emt 00:00:40]} d5
{[%clk 01:31:11]} {[%emt 00:00:36]} 5. O-O {[%clk 01:30:54]} {[%emt 00:00:56]}
Bf5 {[%clk 01:30:00]} {[%emt 00:01:41]} 6. c3 {[%clk 01:28:44]} {[%emt
00:02:41]} e6 {[%clk 01:29:40]} {[%emt 00:00:50]} 7. Bg5 {[%clk 01:27:48]}
{[%emt 00:01:25]} h6 {[%clk 01:29:25]} {[%emt 00:00:46]} 8. Bf4 {[%clk
01:27:53]} {[%emt 00:00:23]} Bd6 {[%clk 01:28:01]} {[%emt 00:01:55]} 9. dxc5
{[%clk 01:24:32]} {[%emt 00:03:51]} Bxc5 {[%clk 01:27:23]} {[%emt 00:01:08]}
10. Qb3 {[%clk 01:23:24]} {[%emt 00:01:27]} Qe7 {[%clk 01:22:14]} {[%emt
00:05:50]} 11. Nbd2 {[%clk 01:18:22]} {[%emt 00:05:31]} O-O {[%clk 01:21:04]}
{[%emt 00:01:41]} 12. Ne5 {[%clk 01:10:31]} {[%emt 00:08:21]} Nxe5 {[%clk
01:03:55]} {[%emt 00:17:39]} 13. Bxe5 {[%emt 00:00:14]} Bb6 {[%emt 00:00:58]}
14. Bxf6 {[%clk 01:04:01]} {[%emt 00:05:48]} Qxf6 {[%clk 01:04:05]} {[%emt
00:00:21]} 15. e4 {[%clk 01:04:06]} {[%emt 00:00:24]} dxe4 {[%clk 01:02:25]}
{[%emt 00:02:09]} 16. Nxe4 {[%clk 01:03:43]} {[%emt 00:00:54]} Qe7 {[%clk
00:59:47]} {[%emt 00:03:06]} 17. Rad1 {[%clk 01:00:34]} {[%emt 00:03:39]} Bg4
{[%clk 00:54:39]} {[%emt 00:05:40]} 18. Rd2 {[%clk 00:59:27]} {[%emt 00:01:36]}
Rfd8 {[%clk 00:54:36]} {[%emt 00:00:33]} 19. Qc4 {[%clk 00:57:56]} {[%emt
00:01:54]} f5 {[%clk 00:45:24]} {[%emt 00:09:50]} 20. Rxd8+ {[%clk 00:57:26]}
Rxd8 {[%clk 00:45:36]} {[%emt 00:01:17]} 21. h3 {[%clk 00:56:12]} {[%emt
00:01:45]} Bh5 {[%clk 00:45:48]} {[%emt 00:00:17]} 22. g4 {[%clk 00:56:32]}
{[%emt 00:00:11]} fxg4 {[%clk 00:45:26]} {[%emt 00:00:52]} 23. hxg4 {[%clk
00:56:40]} {[%emt 00:00:21]} Bxg4 {[%clk 00:44:10]} {[%emt 00:01:46]} 24. Ng3
{[%clk 00:56:53]} {[%emt 00:00:15]} h5 {[%clk 00:40:29]} {[%emt 00:04:11]} 25.
Kh1 {[%clk 00:54:51]} {[%emt 00:02:32]} Bxf2 {[%clk 00:38:04]} {[%emt
00:02:56]} 26. Rxf2 {[%clk 00:54:13]} {[%emt 00:01:07]} Qh4+ {[%clk 00:38:26]}
{[%emt 00:00:09]} 27. Kg1 {[%clk 00:53:43]} {[%emt 00:00:59]} Qxg3 {[%clk
00:38:30]} {[%emt 00:00:26]} 28. Qe4 {[%clk 00:53:23]} {[%emt 00:00:50]} Rd1+
{[%clk 00:35:06]} {[%emt 00:03:56]} 29. Rf1 {[%clk 00:53:35]} {[%emt 00:00:17]}
Rd7 {[%clk 00:28:51]} {[%emt 00:06:45]} 30. Rf4 {[%clk 00:51:29]} {[%emt
00:02:28]} Bh3 {[%clk 00:25:58]} {[%emt 00:03:30]} 31. Rf1 {[%clk 00:50:38]}
{[%emt 00:01:20]} Rd2 {[%clk 00:25:44]} {[%emt 00:00:47]} 0-1